• 首页
  • 本馆介绍
  • 公告通知
  • 最新文献
  • 馆藏检索
  • 电子资源
  • 读者导购
  • 参考咨询
  • 我的图书馆
  • 登录
  • 详细信息显示
  • 放入我的书架
  • 预约/预借图书
  • 作者相关作品
  • 分类相关作品
  • 丛书相关作品
  • 出版社相关作品

书目信息

  • 表格格式
  • 工作单格式
  • 卡片格式
题名:
生态系统服务价值计量方法与应用
    
 
作者: 赵海风
分册:  
出版信息: 北京   中国林业出版社  2015.08
页数: 196页
开本: 20cm
丛书名:
单 册:
中图分类: Q147
科图分类:
主题词: 生物学:生态学
电子资源:
ISBN: 7-5038-8131-3
000 00639nam0 2200205 450
001 2921
005 20161207091307.93
010    @a7-5038-8131-3@dCNY58.00
100    @a20150811d2015 km y0chiy0120 ea
101 0  @achi
102    @aCN@b110000
200 1  @a生态系统服务价值计量方法与应用@Asheng tai xi tong fu wu jia zhi ji liang fang fa yu ying yong@f赵海风@Fzhao hai feng
210    @a北京@c中国林业出版社@d2015.08
215    @a196页@d20cm
330    @a生态系·系统评价
606 0  @a生物学:生态学
690    @aQ147@v4
701  0 @a赵海风@Azhao hai feng
801  0 @aCN@b大连网信软件有限公司图书馆·11@c20161207
905    @aZUCC@dQ147@e183
    
    生态系统服务价值计量方法与应用/赵海风.-北京:中国林业出版社,2015.08
    196页;20cm
    
    
    ISBN 7-5038-8131-3:CNY58.00
    生态系·系统评价
●
相关链接 在E读中查询图书 在五车中查询图书 在当当中查询图书 在豆瓣中查询图书


正题名:生态系统服务价值计量方法与应用     索取号:Q147/183         预约/预借

序号 登录号 条形码 馆藏地/架位号 状态 备注
1 912578   209125784   第二样本阅览室/ [索取号:Q147/183] 在馆    
2 912579   209125793   第三借阅区/ [索取号:Q147/183] 在馆    
3 912580   209125800   第三借阅区/ [索取号:Q147/183] 在馆    
4 912581   209125819   第三借阅区/ [索取号:Q147/183] 在馆    
唐山师范学院图书馆 欢迎您!
大连网信软件有限公司© 版权所有